Distribution par images : Les Choristes - Statistiques

Statistiques générales
  • Ce quiz a été pris 21 fois
  • Le résultat moyen est 4 sur 9
Statistiques - réponses
Par images Hint Réponse % Correct
Chabert Kad Merad
94%
Clément Mathieu Gérard Jugnot
89%
Pierre Morhange (jeune) Jean-Baptiste Maunier
72%
Directeur Rachin François Berléand
67%
Pierre Morhange (vieux) Jacques Perrin
28%
Violette Morhange Marie Bunel
11%
Pépinot (vieux) Didier Flamand
6%
Mondain Grégory Gatignol
6%
Père Maxence Jean-Paul Bonnaire
6%
Aucun quiz correspondant
Distribution des résultats
% des personnes avec chaque résultat
Percentile par nombre de réponses
Votre historique - résultats
Vous n’avez pas pris ce quiz